La Mano Derecha Roja / (Registro nro. 11769)

Detalles MARC
000 -CABECERA
Longitud fija campo de control 00819nam a22002537c 4500
003 - • IDENTIFICADOR DELl NÚMERO DE CONTROL
Identificador del número de control CO-ViMGA
005 - • FECHA Y HORA DE LA ÚLTIMA TRANSACCIÓN
Fecha y hora de la última transacción 20230915224412.0
008 - • CÓDIGOS DE INFORMACIÓN DE LONGITUD FIJA
Códigos de información de longitud fija 160512s2016 sp a | |||| 000 1 spa
020 ## - • NÚMERO INTERNACIONAL NORMALIZADO PARA LIBROS
Número Internacional Normalizado para Libros (ISBN) 9788490944936
040 ## - FUENTE DE LA CATALOGACIÓN
Centro catalogador de origen CO-ViMGA
Lengua de catalogación spa
Centro transcriptor CO-ViMGA
041 1# - • CÓDIGO DE LENGUA
Código de lengua original eng
082 ## - • NÚMERO DE LA CLASIFICACIÓN DECIMAL DEWEY
Número de clasificación (R) 741.5
Número del ítem A17m1
245 03 - • TITULO PROPIAMENTE DICHO
Título La Mano Derecha Roja /
Mención de responsabilidad, etc. [guion], Aaron ; [dibujo], Palo, Guedes, Sudzuka ; [traducción, Santiago García]
300 ## - • DESCRIPCIÓN FÍSICA
Extensión [200] p.
Otras características físicas principalmente il. col.
Dimensiones 27 cm.
490 0# - • MENCIÓN DE SERIE
Mención de serie Lobezno
Designación de volumen o secuencia 7
490 0# - • MENCIÓN DE SERIE
Mención de serie Marvel deluxe
650 14 - • PUNTO DE ACCESO ADICIONAL DE MATERIA - TÉRMINO DE MATERIA
Término de materia o nombre geográfico como elemento inicial Comics
650 14 - • PUNTO DE ACCESO ADICIONAL DE MATERIA - TÉRMINO DE MATERIA
Término de materia o nombre geográfico como elemento inicial Tiras comicas, historietas, etc.
700 1# - • PUNTO DE ACCESO ADICIONAL - NOMBRE DE PERSONA
Nombre de persona Aaron, Jason
Fechas asociadas al nombre 1973-
700 1# - • PUNTO DE ACCESO ADICIONAL - NOMBRE DE PERSONA
Nombre de persona Palo, Jefte
Término indicativo de función dibujante
942 ## - ENTRADA DE ELEMENTOS AGREGADOS (KOHA)
Fuente de clasificaión o esquema Dewey Decimal Classification
Koha [por defecto] tipo de item LIbro
Existencias
Perdido Fuente de clasificación o esquema Estado Físico Restricciones de uso No para préstamo Forma de adquisición Localización permanente Localización actual Fecha adquisición Préstamos totales Signatura completa Código de barras Fecha última consulta Fecha del precio de reemplazo Tipo de item de Koha
  Dewey Decimal Classification   Restricted Access   Sala General Biblioteca Comunitaria - Villavicencio Biblioteca Comunitaria - Villavicencio 05/09/2017   741.5 A17m1 032011 05/09/2017 05/09/2017 LIbro









Instituto Departamental de Cultura del Meta - Red Departamental de Bibliotecas Públicas del Meta.